| 000 | 01132cam a2200217 4500 | ||
|---|---|---|---|
| 001 | ##E134796 | ||
| 008 | 040609n2005 000 0 eng u | ||
| 020 | _a0755948513 | ||
| 035 | _a(Sirsi) u134796 | ||
| 041 | 0 | _aeng | |
| 050 | 0 | 4 | _a333.72 $2 18 |
| 110 | 2 |
_aScottish Executive _93811 |
|
| 245 | 0 | 0 |
_aChoosing our future _bScotland's sustainable development strategy _h[electronic resource] |
| 260 |
_aEdinburgh _bScottish Executive _c2005 |
||
| 300 |
_a91p. _bill. _c30cm. |
||
| 520 | _aSets out the strategy which Scotland will take in order to turn into action the shared priorities set out in the UK Framework for sustainable development. Describes the policies and programmes designed to drive change in 3 key areas - transforming the way waste is dealt with; capitalising on Scotland's sources of renewable energy; and taking action on climate change. | ||
| 651 | 4 |
_aScotland _y1999- |
|
| 690 | _aENVIRONMENTAL AND LAND CONSULTANCY-SUSTAINABILITY-SUSTAINABLE DEVELOPMENT | ||
| 856 | 0 | 1 |
_uhttps://www.scotland.gov.uk/Publications/2005/12/1493902/39032 _zView the item free of charge at www.scotland.gov.uk... |
| 942 | _n0 | ||
| 999 |
_c105805 _d105805 |
||